[Event "Fall GM Norm Invitational 2020"]
[Site "Charlotte"]
[Date "2020.10.02"]
[Round "4.3"]
[White "Fernandez, Daniel"]
[Black "Niemann, Hans Moke"]
[Result "1/2-1/2"]
[WhiteElo "2470"]
[BlackElo "2465"]
[Annotator "ChessBase"]
[PlyCount "100"]
[EventDate "2020.09.30"]
[EventType "tourn"]
[EventCountry "USA"]
[SourceTitle "playchess.com"]
[Source "ChessBase"]
[SourceQuality "1"]
[TimeControl "5400+30"]

1. e4 {[%emt 1:30:30]} e5 {[%emt 1:30:30]} 2. Nf3 {[%emt 0:00:30]} Nc6 {[%emt 0:00:30]} 3. Nc3 {[%emt 0:00:30]} Nf6 {[%emt 0:00:30]} 4. Be2 {[%emt 0:00:30]} d6 {[%emt 0:00:30]} 5. d4 {[%emt 0:00:30]} Bg4 {[%emt 0:00:30]} 6. d5 {[%emt 0:00:30]} Ne7 {[%emt 0:00:30]} 7. h3 {[%emt 0:00:30]} Bc8 {[%emt 0:00:30]} 8. Be3 {[%emt 0:00:30]} c6 {[%emt 0:00:30]} 9. dxc6 {[%emt 0:00:30]} bxc6 {[%emt 0:00:30]} 10. Bc4 {[%emt 0:00:30]} Be6 {[%emt 0:00:30]} 11. Qe2 {[%emt 0:00:30]} Ng6 {[%emt 0:00:30]} 12. Ng5 {[%emt 0:00:30]} Bxc4 {[%emt 0:00:30]} 13. Qxc4 {[%emt 0:00:30]} Qd7 {[%emt 0:00:30]} 14. O-O-O {[%emt 0:00:30]} Rd8 {[%emt 0:00:30]} 15. h4 {[%emt 0:00:30]} h6 {[%emt 0:00:30]} 16. h5 {[%emt 0:00:30]} hxg5 {[%emt 0:00:30]} 17. hxg6 {[%emt 0:00:30]} Rxh1 18. Qxf7+ {[%emt 0:00:30]} Qxf7 {[%emt 0:01:00]} 19. gxf7+ {[%emt 0:00:30]} Kxf7 {[%emt 0:00:30]} 20. Rxh1 {[%emt 0:00:30]} g4 {[%emt 0:00:30]} 21. Bxa7 {[%emt 0:00:30]} Ra8 {[%emt 0:00:30]} 22. Bb6 {[%emt 0:00:30]} d5 {[%emt 0:00:30]} 23. exd5 {[%emt 0:00:30]} cxd5 {[%emt 0:00:30]} 24. Bc7 {[%emt 0:00:30]} Ke6 {[%emt 0:00:30]} 25. Re1 {[%emt 0:00:30]} Nd7 {[%emt 0:00:30]} 26. f4 {[%emt 0:00:30]} gxf3 {[%emt 0:00:30]} 27. gxf3 {[%emt 0:00:30]} g5 {[%emt 0:00:30]} 28. Rd1 {[%emt 0:00:30]} d4 {[%emt 0:00:30]} 29. Nb5 {[%emt 0:00:30]} Rxa2 {[%emt 0:00:30]} 30. Bd8 {[%emt 0:00:30]} Kf5 {[%emt 0:00:30]} 31. c3 {[%emt 0:00:30]} Ra1+ {[%emt 0:00:30]} 32. Kc2 {[%emt 0:00:30]} Rxd1 {[%emt 0:00:30]} 33. Kxd1 {[%emt 0:00:30]} d3 {[%emt 0:00:30]} 34. Kd2 {[%emt 0:00:30]} Nc5 {[%emt 0:00:30]} 35. b4 {[%emt 0:00:30]} Ne6 {[%emt 0:00:30]} 36. Bb6 {[%emt 0:00:30]} e4 {[%emt 0:00:30]} 37. Nc7 {[%emt 0:00:30]} Nf4 {[%emt 0:00:30]} 38. fxe4+ {[%emt 0:00:30]} Kxe4 {[%emt 0:00:30]} 39. Na6 {[%emt 0:00:30]} Ng6 {[%emt 0:00:30]} 40. Nc5+ {[%emt 0:00:30]} Bxc5 {[%emt 0:00:30]} 41. Bxc5 {[%emt 0:00:30]} Ne5 {[%emt 0:00:30]} 42. b5 {[%emt 0:00:30]} Nc4+ {[%emt 0:00:30]} 43. Ke1 {[%emt 0:00:30]} Kd5 {[%emt 0:00:30]} 44. Bf2 {[%emt 0:00:30]} Na5 {[%emt 0:00:30]} 45. Kd2 {[%emt 0:00:30]} Kc4 {[%emt 0:00:30]} 46. b6 {[%emt 0:00:30]} Nb7 {[%emt 0:00:30]} 47. Bg3 {[%emt 0:00:30]} Nc5 {[%emt 0:00:30]} 48. Be5 {[%emt 0:00:30]} g4 {[%emt 0:00:30]} 49. Ke3 {[%emt 0:00:30]} Kb3 {[%emt 0:00:30]} 50. b7 {[%emt 0:00:30]} Nxb7 {[%emt 0:00:30]} 1/2-1/2

[Event "Fall GM Norm Invitational 2020"]
[Site "Charlotte"]
[Date "2020.10.02"]
[Round "4.4"]
[White "Dragun, Kamil"]
[Black "Liang, Jason"]
[Result "1-0"]
[WhiteElo "2561"]
[BlackElo "2367"]
[Annotator "RC"]
[PlyCount "73"]
[EventDate "2020.09.30"]
[EventType "tourn"]
[EventCountry "USA"]
[SourceTitle "playchess.com"]
[Source "ChessBase"]
[SourceQuality "1"]
[TimeControl "5400+30"]

1. e4 {[%emt 1:30:30]} c6 {[%emt 1:30:30]} 2. Nf3 {[%emt 0:00:30]} d5 {[%emt 0:00:30]} 3. d3 {[%emt 0:00:30]} Qc7 {[%emt 0:00:30]} 4. Nc3 {[%emt 0:00:30]} dxe4 {[%emt 0:00:30]} 5. dxe4 {[%emt 0:00:30]} e5 {[%emt 0:00:30]} 6. Bc4 {[%emt 0:00:30]} Bg4 {[%emt 0:00:30]} 7. h3 {[%emt 0:00:30]} Bh5 {[%emt 0:00:30]} 8. g4 {[%emt 0:00:30]} Bg6 {[%emt 0:00:30]} 9. Nh4 {[%emt 0:00:30]} Nd7 {[%emt 0:00:30]} 10. Qf3 {[%emt 0:00:30]} Nb6 {[%emt 0:00:30]} 11. Nxg6 {[%emt 0:00:30]} hxg6 {[%emt 0:00:30]} 12. Bb3 {[%emt 0:00:30]} Nf6 {[%emt 0:00:30]} 13. a4 {[%emt 0:00:30]} Bb4 {[%emt 0:00:30]} 14. a5 {[%emt 0:00:30]} Nc8 {[%emt 0:00:30]} 15. Bg5 {[%emt 0:00:30]} Nh7 {[%emt 0:00:30]} 16. Be3 {[%emt 0:00:30]} Nd6 {[%emt 0:00:30]} 17. a6 {[%emt 0:00:30]} b6 {[%emt 0:00:30]} 18. O-O-O {[%emt 0:00:30]} Rd8 {[%emt 0:00:30]} 19. h4 {[%emt 0:00:30]} Bxc3 {[%emt 0:00:30]} 20. bxc3 {[%emt 0:00:30]} Nf6 {[%emt 0:00:30]} 21. Bg5 {[%emt 0:00:30]} Ke7 {[%emt 0:00:30]} 22. h5 {[%emt 0:00:30]} gxh5 {[%emt 0:00:30]} 23. gxh5 {[%emt 0:00:30]} Nde8 {[%emt 0:00:30]} 24. Rxd8 {[%emt 0:00:30]} Qxd8 {[%emt 0:00:30]} 25. Qf5 {[%emt 0:00:30]} Qc7 {[%emt 0:00:30]} 26. f4 {[%emt 0:00:30]} Kf8 {[%emt 0:00:30]} 27. Bxf6 {[%emt 0:00:30]} gxf6 {[%emt 0:00:30]} 28. Rd1 {[%emt 0:00:30]} Ng7 {[%emt 0:00:30]} 29. Qd7 {[%emt 0:00:30]} Ne8 {[%emt 0:00:30]} 30. Bxf7 {[%emt 0:00:30]} Qxd7 {[%emt 0:00:30]} 31. Rxd7 {[%emt 0:00:30]} exf4 {[%emt 0:00:30]} 32. Bg6 {[%emt 0:00:30]} f3 {[%emt 0:00:30]} 33. Kd2 {[%emt 0:00:30]} b5 {[%emt 0:00:30]} 34. Ke3 {[%emt 0:00:30]} c5 {[%emt 0:00:30]} 35. Kxf3 {[%emt 0:00:30]} b4 {[%emt 0:00:30]} 36. cxb4 {[%emt 0:00:30]} cxb4 {[%emt 0:00:30]} 37. Rxa7 {[%emt 0:00:30]} 1-0

[Event "Fall GM Norm Invitational 2020"]
[Site "Charlotte"]
[Date "2020.10.02"]
[Round "4.5"]
[White "Ostrovskiy, Aleksandr"]
[Black "Mista, Aleksander"]
[Result "0-1"]
[WhiteElo "2427"]
[BlackElo "2574"]
[Annotator "TA"]
[PlyCount "104"]
[EventDate "2020.09.30"]
[EventType "tourn"]
[EventCountry "USA"]
[SourceTitle "playchess.com"]
[Source "ChessBase"]
[SourceQuality "1"]

{[%evp 17,103,38,40,43,33,40,39,38,57,40,33,31,39,26,49,25,20,0,0,0,10,21,33,26,22,36,43,57,42,44,42,10,47,50,37,41,54,66,52,10,73,72,102,95,150,145,193,101,130,132,210,128,146,133,250,0,0,0,0,0,0,-61,-62,-1854,-1806,-1845,-1714,-1726,-1770,-1743,-1699,-1660,-1662,-1664,-1645,-1614,-1533,-1395,-1335,-1335,-1331,-1206,-1055,-1029,-874,-12836,-12836,-29999]} 1. e4 e5 2. Nf3 Nc6 3. Nc3 Nf6 4. Bb5 Bd6 5. d3 h6 6. a3 a6 7. Ba4 b5 8. Bb3 Bb7 9. O-O O-O 10. Be3 {C78: Ruy Lopez: Archangelsk and Möller Defences.} Re8 11. Ba2 Bf8 12. h3 {White is slightly better.} b4 13. axb4 (13. Nd5 {keeps more tension.} bxa3 14. bxa3 Nxd5 15. Bxd5 Na5 16. Qe1) 13... Nxb4 14. Bb3 d5 {White must now prevent ...d4.} 15. exd5 {[#]} Nfxd5 $146 ({Predecessor:} 15... Nbxd5 16. Nxd5 Nxd5 17. Nd2 Kh8 18. Nc4 Rb8 19. Na5 Ba8 20. Qh5 g6 21. Qg4 Re6 {0-1 (62) Milliet,S (2401)-Flear,G (2476) Saint Affrique 2012}) 16. Nxd5 Bxd5 17. Bxd5 Qxd5 18. Bd2 Nc6 19. Re1 Re6 20. Bc3 Bb4 21. Nd2 Bxc3 22. bxc3 a5 23. Ra4 f5 24. Qh5 Rf8 25. Nb3 Kh7 26. Qf3 Qb5 27. Rea1 {[%cal Rb3a5]} Rff6 28. Nxa5 e4 (28... Nxa5 $11 {keeps the balance.} 29. Rxa5 Qb2) 29. dxe4 $16 Ne5 {[#]} 30. Qd1 $1 f4 (30... Ng6 $142) 31. Nb3 {aiming for Nd4.} Rd6 32. Rd4 ({Better is} 32. Qh5 $18 g6 33. Qh4) 32... f3 33. g3 Qb6 (33... Qc6 $16) 34. Qe1 Rg6 {[#]} 35. Kh2 $1 h5 (35... Rg5 $16 {might work better.} 36. Rb4 Qc6) 36. Qe3 $2 (36. Rb4 $18 Qc6 37. Ra5) 36... h4 $1 $11 37. Qf4 ({Not} 37. gxh4 $2 Rg2+ 38. Kh1 Rf6 $19) 37... hxg3+ 38. fxg3 Rde6 39. c4 (39. Rf1 $11) 39... Rgf6 $1 $15 {[%cal Rf6f4]} 40. Qh4+ $2 {[%mdl 8192] This costs White the game.} (40. Qg5 $15) 40... Rh6 $19 41. Qg5 {[#]} Rxh3+ $3 {[%mdl 512]} 42. Kg1 {[#]} (42. Kxh3 Rh6+) 42... Rxg3+ $1 {[%mdl 512]} 43. Qxg3 Rg6 44. Kf2 Rxg3 45. Kxg3 Qg6+ 46. Kf4 Qf6+ 47. Ke3 Qg5+ 48. Kf2 Qg2+ 49. Ke3 Qxc2 50. Rh1+ Kg6 51. Kf4 Nd3+ 52. Ke3 Qe2# {Accuracy: White = 63%, Black = 72%.} 0-1

[Event "Fall GM Norm Invitational 2020"]
[Site "Charlotte"]
[Date "2020.10.03"]
[Round "5.2"]
[White "Mishra, Abhimanyu"]
[Black "Ostrovskiy, Aleksandr"]
[Result "1/2-1/2"]
[WhiteElo "2342"]
[BlackElo "2427"]
[Annotator "ChessBase"]
[PlyCount "121"]
[EventDate "2020.09.30"]
[EventType "tourn"]
[EventCountry "USA"]
[SourceTitle "playchess.com"]
[Source "ChessBase"]
[SourceQuality "1"]
[TimeControl "5400+30"]

1. e4 {[%emt 1:30:30]} e6 {[%emt 1:30:30]} 2. d4 {[%emt 0:00:30]} d5 {[%emt 0:00:30]} 3. Nc3 {[%emt 0:00:30]} Bb4 {[%emt 0:00:30]} 4. e5 {[%emt 0:00:30]} c5 {[%emt 0:00:30]} 5. a3 {[%emt 0:00:30]} Bxc3+ {[%emt 0:00:30]} 6. bxc3 {[%emt 0:00:30]} Ne7 {[%emt 0:00:30]} 7. Qg4 {[%emt 0:00:30]} Qc7 {[%emt 0:00:30]} 8. Bd3 {[%emt 0:00:30]} c4 {[%emt 0:00:30]} 9. Be2 {[%emt 0:00:30]} Qa5 {[%emt 0:00:30]} 10. Bd2 {[%emt 0:00:30]} Nf5 {[%emt 0:00:30]} 11. Nf3 {[%emt 0:00:30]} Qa4 {[%emt 0:00:30]} 12. Ra2 {[%emt 0:00:30]} Nc6 {[%emt 0:00:30]} 13. O-O {[%emt 0:00:30]} h6 {[%emt 0:00:30]} 14. Qh5 {[%emt 0:00:30]} Bd7 {[%emt 0:00:30]} 15. h4 {[%emt 0:00:30]} Rf8 {[%emt 0:00:30]} 16. Qg4 {[%emt 0:00:30]} O-O-O {[%emt 0:00:30]} 17. h5 {[%emt 0:00:30]} Qa5 {[%emt 0:00:30]} 18. Rd1 {[%emt 0:00:30]} f6 {[%emt 0:00:30]} 19. exf6 {[%emt 0:00:30]} Rxf6 {[%emt 0:00:30]} 20. Ne5 {[%emt 0:00:30]} Nxe5 {[%emt 0:00:30]} 21. dxe5 {[%emt 0:00:30]} Rf7 {[%emt 0:00:30]} 22. Raa1 {[%emt 0:00:30]} Rdf8 {[%emt 0:00:30]} 23. Qh3 {[%emt 0:00:30]} Ba4 {[%emt 0:00:30]} 24. Rac1 {[%emt 0:00:30]} Qc5 {[%emt 0:00:30]} 25. Bg4 {[%emt 0:00:30]} Kb8 {[%emt 0:00:30]} 26. Bxf5 {[%emt 0:00:30]} Rxf5 {[%emt 0:00:30]} 27. Be3 {[%emt 0:00:30]} Qc7 {[%emt 0:00:30]} 28. f4 {[%emt 0:00:30]} b6 {[%emt 0:00:30]} 29. Rf1 {[%emt 0:00:30]} Ka8 {[%emt 0:00:30]} 30. Rf2 {[%emt 0:00:30]} Bd7 {[%emt 0:00:30]} 31. Rcf1 {[%emt 0:00:30]} R5f7 {[%emt 0:00:30]} 32. Bd4 {[%emt 0:00:30]} Qc8 {[%emt 0:00:30]} 33. Rf3 {[%emt 0:00:30]} Rg8 {[%emt 0:00:30]} 34. Qg4 {[%emt 0:00:30]} Rf5 {[%emt 0:00:30]} 35. Qh4 {[%emt 0:00:30]} g6 {[%emt 0:00:30]} 36. hxg6 {[%emt 0:00:30]} Rxg6 {[%emt 0:00:30]} 37. Rg3 {[%emt 0:00:30]} Rxg3 {[%emt 0:00:30]} 38. Qxg3 {[%emt 0:00:30]} Qf8 {[%emt 0:00:30]} 39. Qh4 {[%emt 0:00:30]} h5 {[%emt 0:00:30]} 40. g3 {[%emt 0:00:30]} Ba4 {[%emt 0:00:30]} 41. Rf2 {[%emt 0:00:30]} Kb7 {[%emt 0:00:30]} 42. Kg2 {[%emt 0:00:30]} Kc7 {[%emt 0:00:30]} 43. Kf3 {[%emt 0:00:30]} Qxa3 {[%emt 0:00:30]} 44. Rg2 {[%emt 0:00:30]} Qc1 {[%emt 0:00:30]} 45. Qe7+ {[%emt 0:00:30]} Bd7 {[%emt 0:00:30]} 46. Rh2 {[%emt 0:00:30]} Qd1+ {[%emt 0:00:30]} 47. Kg2 {[%emt 0:00:30]} Qxc2+ {[%emt 0:00:30]} 48. Kh3 {[%emt 0:00:30]} Qd1 {[%emt 0:00:30]} 49. Ra2 {[%emt 0:00:30]} Qh1+ {[%emt 0:00:30]} 50. Rh2 {[%emt 0:00:30]} Qd1 {[%emt 0:00:30]} 51. Ra2 {[%emt 0:00:30]} Qh1+ {[%emt 0:00:30]} 52. Rh2 {[%emt 0:00:30]} Qf1+ {[%emt 0:00:30]} 53. Rg2 {[%emt 0:00:30]} h4 {[%emt 0:00:30]} 54. Qa3 {[%emt 0:00:30]} hxg3 {[%emt 0:00:30]} 55. Qxa7+ {[%emt 0:00:30]} Kd8 {[%emt 0:00:30]} 56. Qxb6+ {[%emt 0:00:30]} Ke8 {[%emt 0:00:30]} 57. Qb8+ {[%emt 0:00:30]} Kf7 {[%emt 0:00:30]} 58. Qc7 {[%emt 0:00:30]} Ke8 {[%emt 0:00:30]} 59. Qb8+ {[%emt 0:00:30]} Kf7 60. Qc7 {[%emt 0:00:30]} Ke8 {[%emt 0:01:00]} 61. Qb8+ {[%emt 0:00:30]} 1/2-1/2

[Event "Fall GM Norm Invitational 2020"]
[Site "Charlotte"]
[Date "2020.10.03"]
[Round "5.4"]
[White "Daggupati, Balaji"]
[Black "Fernandez, Daniel"]
[Result "1-0"]
[WhiteElo "2331"]
[BlackElo "2470"]
[Annotator "ChessBase"]
[PlyCount "65"]
[EventDate "2020.09.30"]
[EventType "tourn"]
[EventCountry "USA"]
[SourceTitle "playchess.com"]
[Source "ChessBase"]
[SourceQuality "1"]
[TimeControl "5400+30"]

1. e4 {[%emt 1:30:30]} c5 {[%emt 1:30:30]} 2. Nf3 {[%emt 0:00:30]} d6 {[%emt 0:00:30]} 3. d4 {[%emt 0:00:30]} cxd4 {[%emt 0:00:30]} 4. Nxd4 {[%emt 0:00:30]} Nf6 {[%emt 0:00:30]} 5. Nc3 {[%emt 0:00:30]} a6 {[%emt 0:00:30]} 6. Bc4 {[%emt 0:00:30]} e6 {[%emt 0:00:30]} 7. Bb3 {[%emt 0:00:30]} Nbd7 {[%emt 0:00:30]} 8. f4 {[%emt 0:00:30]} Nc5 {[%emt 0:00:30]} 9. e5 {[%emt 0:00:30]} Nfd7 {[%emt 0:00:30]} 10. exd6 {[%emt 0:00:30]} Nf6 {[%emt 0:00:30]} 11. Qf3 {[%emt 0:00:30]} Bxd6 {[%emt 0:00:30]} 12. Be3 {[%emt 0:00:30]} O-O {[%emt 0:00:30]} 13. O-O-O {[%emt 0:00:30]} Qc7 {[%emt 0:00:30]} 14. Kb1 {[%emt 0:00:30]} Nxb3 {[%emt 0:00:30]} 15. Nxb3 {[%emt 0:00:30]} Bd7 {[%emt 0:00:30]} 16. Rhf1 {[%emt 0:00:30]} Bc6 {[%emt 0:00:30]} 17. Qh3 {[%emt 0:00:30]} b5 {[%emt 0:00:30]} 18. Bd4 {[%emt 0:00:30]} b4 {[%emt 0:00:30]} 19. Bxf6 {[%emt 0:00:30]} gxf6 {[%emt 0:00:30]} 20. Rd3 {[%emt 0:00:30]} f5 {[%emt 0:00:30]} 21. Nd4 {[%emt 0:00:30]} Bxf4 {[%emt 0:00:30]} 22. Nxc6 {[%emt 0:00:30]} bxc3 {[%emt 0:00:30]} 23. Qh4 {[%emt 0:00:30]} Qxc6 {[%emt 0:00:30]} 24. Qxf4 {[%emt 0:00:30]} Rfb8 25. b3 {[%emt 0:00:30]} Kf8 {[%emt 0:01:00]} 26. Qh6+ {[%emt 0:00:30]} Ke8 {[%emt 0:00:30]} 27. Rg3 Qb5 {[%emt 0:00:30]} 28. Re1 {[%emt 0:01:00]} Qd5 {[%emt 0:00:30]} 29. Rxc3 {[%emt 0:00:30]} Rd8 {[%emt 0:00:30]} 30. Rg3 {[%emt 0:00:30]} Rd6 {[%emt 0:00:30]} 31. Qf6 {[%emt 0:00:30]} Kd7 {[%emt 0:00:30]} 32. Qxf7+ {[%emt 0:00:30]} Kc6 {[%emt 0:00:30]} 33. Rd3 {[%emt 0:00:30]} 1-0

[Event "Fall GM Norm Invitational 2020"]
[Site "Charlotte"]
[Date "2020.10.03"]
[Round "5.5"]
[White "Liang, Jason"]
[Black "Stremavicius, Titas"]
[Result "1/2-1/2"]
[WhiteElo "2367"]
[BlackElo "2517"]
[Annotator "ChessBase"]
[PlyCount "97"]
[EventDate "2020.09.30"]
[EventType "tourn"]
[EventCountry "USA"]
[SourceTitle "playchess.com"]
[Source "ChessBase"]
[SourceQuality "1"]
[TimeControl "5400+30"]

1. d4 {[%emt 1:30:30]} f5 {[%emt 1:30:30]} 2. Qd3 {[%emt 0:00:30]} d5 {[%emt 0:00:30]} 3. c4 {[%emt 0:00:30]} e6 {[%emt 0:00:30]} 4. Nf3 {[%emt 0:00:30]} c6 {[%emt 0:00:30]} 5. Bf4 {[%emt 0:00:30]} Nf6 {[%emt 0:00:30]} 6. Nc3 {[%emt 0:00:30]} Bd6 {[%emt 0:00:30]} 7. g3 {[%emt 0:00:30]} O-O {[%emt 0:00:30]} 8. Bg2 {[%emt 0:00:30]} Qe7 {[%emt 0:00:30]} 9. O-O {[%emt 0:00:30]} Nbd7 {[%emt 0:00:30]} 10. cxd5 {[%emt 0:00:30]} cxd5 {[%emt 0:00:30]} 11. Bxd6 {[%emt 0:00:30]} Qxd6 {[%emt 0:00:30]} 12. e3 {[%emt 0:00:30]} a6 {[%emt 0:00:30]} 13. Rfc1 {[%emt 0:00:30]} b5 {[%emt 0:00:30]} 14. Rc2 {[%emt 0:00:30]} Bb7 {[%emt 0:00:30]} 15. Rac1 {[%emt 0:00:30]} Rfc8 {[%emt 0:00:30]} 16. Ne2 {[%emt 0:00:30]} Ne4 {[%emt 0:00:30]} 17. Rxc8+ {[%emt 0:00:30]} Rxc8 {[%emt 0:00:30]} 18. Rxc8+ {[%emt 0:00:30]} Bxc8 {[%emt 0:00:30]} 19. Qc2 {[%emt 0:00:30]} Bb7 {[%emt 0:00:30]} 20. Nf4 {[%emt 0:00:30]} Kf7 {[%emt 0:00:30]} 21. Nd3 {[%emt 0:00:30]} Ke7 {[%emt 0:00:30]} 22. Nfe5 {[%emt 0:00:30]} Nef6 {[%emt 0:00:30]} 23. Qc3 {[%emt 0:00:30]} Qb6 {[%emt 0:00:30]} 24. b4 {[%emt 0:00:30]} Nxe5 {[%emt 0:00:30]} 25. Nxe5 {[%emt 0:00:30]} Nd7 {[%emt 0:00:30]} 26. Nd3 {[%emt 0:00:30]} Qc6 {[%emt 0:00:30]} 27. Qd2 {[%emt 0:00:30]} Bc8 {[%emt 0:00:30]} 28. h4 {[%emt 0:00:30]} Qc7 {[%emt 0:00:30]} 29. Kh2 {[%emt 0:00:30]} Nb6 {[%emt 0:00:30]} 30. Nc5 {[%emt 0:00:30]} Nd7 {[%emt 0:00:30]} 31. Nd3 {[%emt 0:00:30]} Nb6 {[%emt 0:00:30]} 32. Nf4 {[%emt 0:00:30]} Qc4 {[%emt 0:00:30]} 33. Ne2 {[%emt 0:00:30]} Bd7 {[%emt 0:00:30]} 34. Kg1 {[%emt 0:00:30]} Be8 {[%emt 0:00:30]} 35. Bf1 {[%emt 0:00:30]} Na4 {[%emt 0:00:30]} 36. e4 {[%emt 0:00:30]} dxe4 {[%emt 0:00:30]} 37. Qg5+ {[%emt 0:00:30]} Kd6 {[%emt 0:00:30]} 38. Qxg7 {[%emt 0:00:30]} Bc6 {[%emt 0:00:30]} 39. Qxh7 {[%emt 0:00:30]} e3 {[%emt 0:00:30]} 40. fxe3 {[%emt 0:00:30]} Qd5 {[%emt 0:00:30]} 41. Qh6 {[%emt 0:00:30]} Qh1+ {[%emt 0:00:30]} 42. Kf2 {[%emt 0:00:30]} Nb2 {[%emt 0:00:30]} 43. Qf8+ {[%emt 0:00:30]} Kd7 {[%emt 0:00:30]} 44. Qg7+ {[%emt 0:00:30]} Kc8 {[%emt 0:00:30]} 45. Qf8+ {[%emt 0:00:30]} Kd7 {[%emt 0:00:30]} 46. Qf7+ {[%emt 0:00:30]} Kd6 {[%emt 0:00:30]} 47. Qf8+ {[%emt 0:00:30]} Kd7 {[%emt 0:00:30]} 48. Qg7+ {[%emt 0:00:30]} Kc8 {[%emt 0:00:30]} 49. Qf8+ {[%emt 0:00:30]} 1/2-1/2

[Event "Fall GM Norm Invitational 2020"]
[Site "Charlotte"]
[Date "2020.10.03"]
[Round "6.1"]
[White "Gauri, Shankar"]
[Black "Daggupati, Balaji"]
[Result "0-1"]
[WhiteElo "2353"]
[BlackElo "2331"]
[Annotator "ChessBase"]
[PlyCount "86"]
[EventDate "2020.09.30"]
[EventType "tourn"]
[EventCountry "USA"]
[SourceTitle "playchess.com"]
[Source "ChessBase"]
[SourceQuality "1"]
[TimeControl "5400+30"]

1. Nf3 {[%emt 1:30:30]} d5 2. c4 {[%emt 0:00:30]} e6 {[%emt 1:31:00]} 3. g3 {[%emt 0:00:30]} dxc4 4. Qa4+ {[%emt 0:00:30]} Nd7 {[%emt 0:01:00]} 5. Qxc4 {[%emt 0:00:30]} a6 {[%emt 0:00:30]} 6. Bg2 {[%emt 0:00:30]} b5 {[%emt 0:00:30]} 7. Qb3 {[%emt 0:00:30]} Bb7 {[%emt 0:00:30]} 8. O-O {[%emt 0:00:30]} c5 {[%emt 0:00:30]} 9. d3 {[%emt 0:00:30]} Ngf6 {[%emt 0:00:30]} 10. a4 {[%emt 0:00:30]} Bd5 {[%emt 0:00:30]} 11. Qc2 {[%emt 0:00:30]} Be7 {[%emt 0:00:30]} 12. Nc3 {[%emt 0:00:30]} Bc6 {[%emt 0:00:30]} 13. Ng5 {[%emt 0:00:30]} Bxg2 {[%emt 0:00:30]} 14. Kxg2 {[%emt 0:00:30]} O-O {[%emt 0:00:30]} 15. Qb3 {[%emt 0:00:30]} h6 {[%emt 0:00:30]} 16. Nf3 {[%emt 0:00:30]} c4 {[%emt 0:00:30]} 17. dxc4 {[%emt 0:00:30]} Nc5 {[%emt 0:00:30]} 18. Qa2 {[%emt 0:00:30]} b4 {[%emt 0:00:30]} 19. Nd1 {[%emt 0:00:30]} b3 {[%emt 0:00:30]} 20. Qb1 {[%emt 0:00:30]} Nfe4 {[%emt 0:00:30]} 21. Be3 {[%emt 0:00:30]} Qa5 {[%emt 0:00:30]} 22. Bxc5 {[%emt 0:00:30]} Nxc5 {[%emt 0:00:30]} 23. Ne3 {[%emt 0:00:30]} Qb4 {[%emt 0:00:30]} 24. a5 {[%emt 0:00:30]} Rfd8 {[%emt 0:00:30]} 25. Qe1 {[%emt 0:00:30]} Qb7 {[%emt 0:00:30]} 26. Qc1 {[%emt 0:00:30]} Bf6 {[%emt 0:00:30]} 27. Kg1 {[%emt 0:00:30]} h5 28. h4 {[%emt 0:00:30]} Qb4 {[%emt 0:01:00]} 29. Ng2 {[%emt 0:00:30]} Na4 {[%emt 0:00:30]} 30. Rb1 {[%emt 0:00:30]} Rac8 {[%emt 0:00:30]} 31. Nf4 {[%emt 0:00:30]} Rxc4 {[%emt 0:00:30]} 32. Qe3 Re4 {[%emt 0:00:30]} 33. Qa7 {[%emt 0:01:00]} Qxa5 {[%emt 0:00:30]} 34. Rfd1 {[%emt 0:00:30]} Rf8 {[%emt 0:00:30]} 35. Rd3 {[%emt 0:00:30]} Rb4 {[%emt 0:00:30]} 36. Rd6 {[%emt 0:00:30]} Nxb2 {[%emt 0:00:30]} 37. Rxa6 {[%emt 0:00:30]} Qf5 {[%emt 0:00:30]} 38. Re1 {[%emt 0:00:30]} Bc3 {[%emt 0:00:30]} 39. Ra5 {[%emt 0:00:30]} Qc2 {[%emt 0:00:30]} 40. Rf1 {[%emt 0:00:30]} Rxf4 {[%emt 0:00:30]} 41. gxf4 {[%emt 0:00:30]} Bxa5 {[%emt 0:00:30]} 42. Qxa5 {[%emt 0:00:30]} Qxe2 {[%emt 0:00:30]} 43. Qxh5 {[%emt 0:00:30]} Nd3 {[%emt 0:00:30]} 0-1